000 00415nam a2200145 i 4500
001 60550
003 ES-MaACL
007 t|
008 031105s1963 sp ||||1| spa d
100 1 _aEspinell, Jaime.
_947852
245 1 0 _aMemorias de un médico de la lucha antivenérea /
_cJaime Espinell.
260 _aBarcelona :
_bEd. Radegar,
_c[1963]
300 _a254 p. ;
_c21 cm.
852 _aES-MaACL
_jG-7292
_bR.53773
999 _c60550
_d60550